Minority Government in Slovakia in 2022

Cieľom tohto príspevku je analyzovať dôvody a problémy súčasnej slovenskej vlády, ktoré viedli k zostaveniu menšinovej vlády na jeseň 2022. Slovenská vláda stratila väčšinu v parlamente po vystúpení mladšieho partnera zo štvorkoalície. Koncom augusta podali demisiu minister zahraničných vecí Ivan Ko...

Description complète

Enregistré dans:
Détails bibliographiques
Auteur principal: Csányi, Peter, 1978-
Format: Chapitre de livre
Langue:anglais
Sujets:
Tags: Ajouter un tag
Pas de tags, Soyez le premier à ajouter un tag!

MARC

LEADER 00000naa$a2200000$$$4500
001 0290331
005 20240502074447.4
041 0 |a eng 
044 |a SK 
245 1 0 |a Minority Government in Slovakia in 2022  |c Peter Csányi 
520 |a Cieľom tohto príspevku je analyzovať dôvody a problémy súčasnej slovenskej vlády, ktoré viedli k zostaveniu menšinovej vlády na jeseň 2022. Slovenská vláda stratila väčšinu v parlamente po vystúpení mladšieho partnera zo štvorkoalície. Koncom augusta podali demisiu minister zahraničných vecí Ivan Korčok, ministerka spravodlivosti Mária Kolíková, minister školstva Branislav Gröhling a šéf strany a exminister hospodárstva Richard Sulík, všetci z liberálnej strany Sloboda a solidarita (SaS). Keďže SaS už koalíciu v parlamente nepodporuje, tri strany koalície nemajú v snemovni potrebných 76 hlasov a vládnu ako menšinová vláda. Znamená to tiež, že koalícia má problémy so správnym fungovaním a v niektorých prípadoch sa musí spoliehať na hlasy opozície či dokonca krajne pravicových poslancov. 
610 2 0 |a politika 
610 2 0 |a koalícia 
610 2 0 |a vláda 
610 2 0 |a Slovensko 
100 1 |a Csányi, Peter, 1978-